Getting rid of Margo

Bibliographic Details
Main Author: Naima Gany Shaik Dawood
Corporate Authors: Series, Title
Format: Book
Published: Selangor : Penerbit Prisma , 2005
Series:Happenings at Himena forest
Subjects:

MARC

LEADER 00000cam a2200000 7i4500
001 0000001917
005 20151222.0
008 070709
020 |a 9838773085 
020 |a 9838773142(set) 
090 0 0 |a JF   |b ANM ENG (2234) 
100 0 |a Naima Gany Shaik Dawood 
245 1 0 |a Getting rid of Margo   |c Naima Gany Shaik Dawood 
260 |a Selangor :   |b Penerbit Prisma ,   |c 2005 
440 0 |a Happenings at Himena forest 
500 |a Children ages 7-9 years old (orange) 
650 0 |a Animal   |x Fiction 
710 0 |a Series 
710 0 |a Title 
999 |a 0000965042   |b Book   |c Children Collection   |e Perbadanan Perpustakaan Awam Johor 
999 |a 0000965043   |b Book   |c Children Collection   |e Perbadanan Perpustakaan Awam Johor 
999 |a 0000965044   |b Book   |c Children Collection   |e Perbadanan Perpustakaan Awam Johor